000 00387nam a22001097a 4500
082 _a100
100 _aआर्य, अमरेन्‍द कुमार
_983847
245 _aस्‍वामी विवेकानंद का संवाद कौशल
260 _aदिल्‍ली
_bअनिल प्रकाशन
_c2025
650 _aदर्शन
942 _cBK
999 _c68840
_d68840